|
|
|
|
| LEADER |
00000nam a22000007a 4500 |
| 005 |
20210412222250.0 |
| 007 |
cr|||| |||| |
| 008 |
210412c19959999eu ar|w s|||| 0|||b1eng d |
| 022 |
|
|
|a 1354-7798
|
| 035 |
|
|
|a 32860
|
| 040 |
|
|
|a vLex
|
| 090 |
|
|
|c 11429
|d 11429
|
| 245 |
0 |
0 |
|a European Financial Management
|h [Recurso electrn̤ico] /
|
| 256 |
|
|
|a Servicio en ln̕ea
|
| 260 |
|
|
|a Hoboken:
|b Wiley,
|c 1995 -
|
| 300 |
|
|
|a 1 recurso electrn̤ico
|
| 310 |
|
|
|a Anual
|
| 362 |
|
|
|a Nð 1-1 (Mar. 1995) -
|
| 506 |
1 |
|
|a Disponible solo en los productos indicados
|d vLex Global
|d vLex Global (Academic Edition, excluding Law Schools)
|d vLex Global (U.S. Academic Edition, Law Schools)
|d vLex Global (U.S. Academic Edition, excluding Law Schools)
|d vLex Global (Academic Edition, Law Schools)
|
| 650 |
0 |
4 |
|a Derecho Fiscal
|z Unin̤ Europea
|
| 740 |
0 |
|
|a vLex Revistas (Servicio en ln̕ea)
|
| 856 |
4 |
0 |
|u https://vlex.com/source/32860
|z Acceso restringido
|
| 942 |
|
|
|c REV
|
| 999 |
0 |
|
|a Tax Law
|